000 00229nam a2200097Ia 4500
008 190216s9999||||xx |||||||||||||| ||und||
100 _aSamuel Glasstone
245 2 _aA Text Book Of Physical Chemistry
260 _bNull
942 _cBK
999 _c2530
_d2530